| 000 | 01551nam a2200253Ia 4500 | ||
|---|---|---|---|
| 003 | Ost | ||
| 005 | 20260507075453.0 | ||
| 008 | 260507s9999||||xx |||||||||||||| ||und|| | ||
| 040 | _cfsecg | ||
| 041 | _aara | ||
| 082 | _a657.45 | ||
| 100 |
_aنور، احمد محمد _eمؤلف |
||
| 245 | 0 |
_aدراسات متقدمة في : _bمراجعة الحسابات / _c احمد محمد نور |
|
| 260 |
_aالاسكندرية: _bالدار الجامعية, _c2007 |
||
| 300 |
_a377 صفحة؛ _bإيضاحات ؛ _c24 سم |
||
| 520 | _aيتناول هذا الكتاب دراسات متقدمة في مراجعة الحسابات/جودة المراجعة/خطر المراجعة/تطور مسؤلية مراجع الحسابات الخارجي عن الرقابة/اختبار فعالية الرقابة الداخلية/فحص القوائم المالية المرحلية/مراجعة القوائم المالية المختصرة/مهام المراجعة ذات الأغراض الخاصة/اختيار المعلومات المالية المستقبلية/مسؤلية المراجع في اكتشاف الغش والتقرير عنهالمراجعة وتكنولوجيا المعلومات واستخدام الحاسب الآلي | ||
| 653 | _aالمحاسبة التحليلية | ||
| 653 | _aجودة المراجعة | ||
| 653 | _aخطر المراجعة | ||
| 653 | _aدراسة متقدمة | ||
| 653 | _aمراجعة الحسابات | ||
| 700 |
_aاحمد، عبيد حسين _eمؤلف ثانوي |
||
| 942 | _cكتاب | ||
| 999 |
_c44643 _d44643 |
||